Čo je nové v daňovoprávnej legislatíve

Najnovšie informácie v daňovoprávnej legislatíve za obdobie od 29.12.1997 - 31.12.1997.

Salvato in:
Dettagli Bibliografici
Autore principale: Rendek, Peter
Natura: Capitolo di libro
Lingua:slovacco
Soggetti:
Tags: Aggiungi Tag
Nessun Tag, puoi essere il primo ad aggiungerne!!

MARC

LEADER 00000naa a2200000 4500
001 r033010
005 20230911132020.5
041 0 |a slo 
044 |a SK 
245 1 0 |a Čo je nové v daňovoprávnej legislatíve  |c Peter Rendek 
520 |a Najnovšie informácie v daňovoprávnej legislatíve za obdobie od 29.12.1997 - 31.12.1997. 
610 2 0 |a dane 
610 2 0 |a zákony 
610 2 0 |a legislatíva 
610 2 0 |a 1998 
100 1 |a Rendek, Peter